000 00832nam a2200253Ia 4500
003 OSt
005 20220927105831.0
006 a|||||r|||| 00| 0
007 ta
008 220926b |||||||| |||| 00| 0 eng d
024 _a37926
037 _cReference Collections
040 _aRTL
_cRTL
_beng
041 _2eng
_aeng
082 _a"X:77.4445f, M0 (RR)"
110 _a"Nepal, Government of ..... National Council for Science and Technology"
_9375398
245 0 _aAtlas of economic development
260 _aKathmandu
_bGovernment Press Nepal
_c1980
300 _a"xx, 144p."
_ccm.
650 _aEconomic Development
700 _a"Nepal, Government of ..... National Council for Science and Technology"
_9375399
942 _h"X:77.4445f, M0 (RR)"
_cCC
999 _c694951
_d694951